Compraventa y permuta

Bibliographic Details
Main Author: Vz̀quez Barros, Sergio
Format: Unknown
Language:Spanish
Published: [Madrid] : Editorial vLex , 2009
Subjects:
Online Access:Acceso restringido

MARC

LEADER 00000ny a22000003n 4500
005 20110617130035.0
008 100323s sp 000 0 spa d
035 |a 4695 
040 |a BUS  |d vlex 
090 |c 1404  |d 1404 
100 1 |a Vz̀quez Barros, Sergio 
245 1 0 |a Compraventa y permuta  |h [Recurso electrn̤ico]  |c Sergio Vz̀quez Barros 
256 |a Servicio en ln̕ea 
260 |a [Madrid] :  |b Editorial vLex ,  |c 2009 
300 |a v. 
506 1 |a Contenido solo disponible en los productos indicados  |d vLex Global  |d vLex Global (Academic Edition, excluding Law Schools)  |d vLex Global (U.S. Academic Edition, Law Schools)  |d vLex Global (U.S. Academic Edition, excluding Law Schools)  |d vLex Global (Academic Edition, Law Schools) 
650 0 7 |a Compraventa  |2 Tesauro vLex 
740 0 |a vLex Libros (Servicios en ln̕ea) 
856 4 0 |u http://vlex.com/source/4695  |z Acceso restringido 
942 |c BOOK